000 01213cam a22003377a 4500
003 CHAP
005 20220329133656.0
008 971013s1990 r 00010 d
010 _a9373
011 _a10345
035 _a9582
040 _cCHAP
082 _a668.37
_bP6
100 0 0 _aPonce Jiménez, Martha Patricia.
_990794
245 1 3 _aLa montaña chiclera Campeche
_b: vida cotidiana y trabajo (1900-1950)
260 _aMéxico, D. F. :
_bCentro de Investigaciones y Estudios Superiores en Antropología Social,
_c1990
300 _a232 p.
490 0 _aCuadernos de la casa chata
_v; 172
590 _aBATCH-UPD
_b10
_c20130110
_lUCH01
_h1559
590 _aBATCH-UPD
_b10
_c20130410
_lUCH01
_h0956
590 _aBATCH-UPD
_b10
_c20130914
_lUCH01
_h0922
590 _aCONVERSION
_b10
_c20130109
_lUCH01
_h1306
650 1 4 _aChicle
_xCampeche.
_922269
650 1 4 _aChicle
_xHistoria.
_922271
650 1 4 _aChicle
_xMercadeo.
_922272
830 0 _aCuadernos de la casa chata
_v; 172
_929795
901 _aBK
942 _cLIBRO
949 _a668.37 P6
_bBC
_cLIBRO
_d33724000145942
_eLIBRO
_gI. c/e
_h85944
_i9582
_si
_t11.40
949 _a668.37 P6
_bBC
_cLIBRO
_d33724000145959
_eLIBRO
_fc.2
_gI. c/e
_h85945
_i9582
_si
_t11.40
999 _c9373
_d9373